U. P. gaon samaj manual / (Record no. 69535)

MARC details
000 -LEADER
fixed length control field 00845cam a22002531 4500
001 - CONTROL NUMBER
control field sa 66004671
003 - CONTROL NUMBER IDENTIFIER
control field DLC
005 - DATE AND TIME OF LATEST TRANSACTION
control field 20260227112244.0
008 - FIXED-LENGTH DATA ELEMENTS--GENERAL INFORMATION
fixed length control field 910419s1965 ii 000 0 eng
010 ## - LIBRARY OF CONGRESS CONTROL NUMBER
LC control number sa 66004671
035 ## - SYSTEM CONTROL NUMBER
System control number (OCoLC)24197187
040 ## - CATALOGING SOURCE
Original cataloging agency DLC
Transcribing agency ViU
Modifying agency DLC
042 ## - AUTHENTICATION CODE
Authentication code premarc
050 00 - LIBRARY OF CONGRESS CALL NUMBER
Classification number KNU8100.5
Item number .A33 1965
110 1# - MAIN ENTRY--CORPORATE NAME
Corporate name or jurisdiction name as entry element Uttar Pradesh (India)
240 10 - UNIFORM TITLE
Uniform title Laws, etc.
245 10 - TITLE STATEMENT
Title U. P. gaon samaj manual /
Statement of responsibility, etc. as amended & rev. by third-govt. ed., with short notes and case law by Sant Prakash ; rev. by Virendra Singh.
260 ## - PUBLICATION, DISTRIBUTION, ETC.
Place of publication, distribution, etc. Allahabad :
Name of publisher, distributor, etc. Ram Narain Lal Beni Prasad,
Date of publication, distribution, etc. [1965]
300 ## - PHYSICAL DESCRIPTION
Extent vi, 100 p. ;
Dimensions 25 cm.
650 #0 - SUBJECT ADDED ENTRY--TOPICAL TERM
Topical term or geographic name entry element Land tenure
General subdivision Law and legislation
Geographic subdivision India
-- Uttar Pradesh.
650 #0 - SUBJECT ADDED ENTRY--TOPICAL TERM
Topical term or geographic name entry element Landlord and tenant
Geographic subdivision India
-- Uttar Pradesh.
700 1# - ADDED ENTRY--PERSONAL NAME
Personal name Prakash, Sant.
700 1# - ADDED ENTRY--PERSONAL NAME
Personal name Singh, Virendra.

No items available.

Powered by Koha